书目信息 |
| 题名: |
游泳技法练习
|
|
| 作者: | 沈文益 | |
| 分册: | ||
| 出版信息: | 北京 人民体育出版社 1993 |
|
| 页数: | 203 | |
| 开本: | 19cm | |
| 丛书名: | ||
| 单 册: | ||
| 中图分类: | G86 | |
| 科图分类: | ||
| 主题词: | 水上运动 , 冰上运动 , 雪上运动 | |
| 电子资源: | ||
| ISBN: | 7-5009-0878-4 | |
| 000 | 00537nam0 2200205 450 | |
| 001 | 0736480453 | |
| 005 | 20070817100800.46 | |
| 010 | @a7-5009-0878-4@d¥9.00 | |
| 100 | @a20070817d km y0chiy0120 ea | |
| 101 | 0 | @achi |
| 200 | 1 | @a游泳技法练习@Ayou yong ji fa lian xi@f沈文益@Fshen wen yi |
| 210 | @a北京@c人民体育出版社@d1993 | |
| 215 | @a203@d19cm | |
| 606 | 0 | @a水上运动 |
| 606 | 0 | @a冰上运动 |
| 606 | 0 | @a雪上运动 |
| 690 | @aG86@v3 | |
| 701 | 0 | @a沈文益@Ashen wen yi |
| 801 | 0 | @aCN@bPFT@c20070817 |
| 905 | @a213230@dG86@et10@f1 | |
| 游泳技法练习/沈文益.-北京:人民体育出版社,1993 |
| 203;19cm |
| ISBN 7-5009-0878-4:¥9.00 |
| ● |
| 相关链接 |
|
|
|
|
正题名:游泳技法练习
索取号:G86/t10
 
预约/预借
| 序号 | 登录号 | 条形码 | 馆藏地/架位号 | 状态 | 备注 |
| 1 | 6901384 | 269013845 | 密集书库-体育系/ [索取号:G86/t10] | 在馆 | |
| 2 | 6901385 | 269013854 | 密集书库-体育系/ [索取号:G86/t10] | 在馆 | |
| 3 | 6901386 | 269013863 | 密集书库-体育系/ [索取号:G86/t10] | 在馆 |